[Event "FIN-chT2 Gp2 1516"]
[Site "Finland"]
[Date "2016.02.06"]
[Round "6.1"]
[White "Asomaki, Pekka"]
[Black "Pishro Dabaghian, Mohamad"]
[Result "1-0"]
[WhiteElo "2146"]
[BlackElo "2066"]
[PlyCount "79"]
[EventDate "2015.09.12"]
[EventType "team-tourn"]
[EventRounds "6"]
[EventCountry "FIN"]
[SourceTitle "EXT 2017"]
[Source "ChessBase"]
[SourceDate "2016.10.25"]
[SourceVersion "1"]
[SourceVersionDate "2016.10.25"]
[SourceQuality "1"]
[WhiteTeam "Jarvenpaa SK"]
[BlackTeam "Espoo MatSK III"]
[WhiteTeamCountry "FIN"]
[BlackTeamCountry "FIN"]

1. e4 e6 2. d4 d5 3. Nc3 Nf6 4. Bg5 dxe4 5. Nxe4 Nbd7 6. Nf3 Be7 7. Bxf6 Nxf6 8. Bd3 0-0 9. Qe2 Nd5 10. Qd2 f5 11. Nc3 c5 12. dxc5 Bxc5 13. Nxd5 Qxd5 14. 0-0 e5 15. Qe2 Be6 16. c4 Qd6 17. Nxe5 Rae8 18. Kh1 Bc8 19. f4 Bd4 20. Rfe1 b6 21. Rad1 Qc7 22. a3 a5 23. Bb1 Bc5 24. Qf3 Bb7 25. Qh3 g6 26. Re2 Re7 27. Red2 Rfe8 28. Qg3 Bc8 29. Qc3 Rg7 30. b4 Bf8 31. Bc2 g5 32. Ba4 Re6 33. c5 axb4 34. axb4 Ree7 35. Bb3+ Kh8 36. Rd8 h5 37. Rxf8+ Kh7 38. Rdd8 Rxe5 39. Rh8+ Kg6 40. fxe5 1-0

[Event "Helsinki-ch 2015"]
[Site "Helsinki"]
[Date "2014.12.30"]
[Round "2.7"]
[White "Koskinen, Veikko"]
[Black "Pishro Dabaghian, Mohamad"]
[Result "1/2-1/2"]
[WhiteElo "1953"]
[BlackElo "1931"]
[PlyCount "85"]
[EventDate "2014.12.29"]
[EventType "swiss"]
[EventRounds "7"]
[EventCountry "FIN"]
[SourceTitle "EXT 2022"]
[Source "ChessBase"]
[SourceDate "2021.10.06"]
[SourceVersion "1"]
[SourceVersionDate "2021.10.06"]
[SourceQuality "1"]

1. Nf3 Nf6 2. g3 g6 3. Bg2 Bg7 4. 0-0 0-0 5. d3 c5 6. e4 d6 7. c3 Nc6 8. Re1 Rb8 9. d4 Nd7 10. Be3 b5 11. Nbd2 b4 12. Bf1 bxc3 13. bxc3 Qa5 14. Qc1 cxd4 15. cxd4 Qa4 16. Bc4 Nb4 17. Bb3 Qa5 18. Nc4 Qh5 19. Qd1 Nf6 20. Nfd2 Ng4 21. Nf1 Qh3 22. Qf3 Nxe3 23. Qxe3 d5 24. Ne5 dxe4 25. Nxf7 e6 26. Ng5 Qf5 27. Nxe4 Rd8 28. Rad1 Nd5 29. Qg5 Bd7 30. Qxf5 gxf5 31. Nc5 Kf7 32. Ne3 Nxe3 33. Rxe3 Rb6 34. d5 e5 35. f4 e4 36. g4 Bf8 37. d6+ Kf6 38. gxf5 Kxf5 39. Nxe4 Kxf4 40. Ree1 Bb5 41. Nc3 Bc6 42. Nd5+ Bxd5 43. Rxd5 1/2-1/2